01147nam a2200289 i 4500003000900000005001700009006001900026007000300045008004100048040003000089082001400119245013200133246001700265246007700282264004100359300005800400336002700458337003300485338002800518500004200546504004000588563004700628590002700675942001400702952012400716999001700840DO-SdBNP20230908152254.0a||||fr|||| 00| 0 ta230908b200? |||||||| |||| 00| 0 spa d aDO-SdBNPbspacBNPHUerda 4222bA642p10aAplicación Pla&Prosoft:bplanificación y programación en Excel y Proiect. manual del usuariocMiguel A. Campusano Michel.13aPla&Prosoft:13aPlanificación y programación en Excel y Proiect:bmanual del usuario a[sin lugar] :b[sin editora]c[200?] a148 págianas :bIlustraciones, gráficas ;c29 cm. 2rdacontentatextobtxt 2rdamediaasin mediaciónbn 2rdacarrieravolumenbnc aIncluye índices, páginas143 - 144 aBibliografía: páginas 145 - 148 aCopia en original encuadernado en espiral. aInventariado 2023 / MF 2ddccLBS1 00102ddc51708PDaBNPHUbBNPHUcCTd2019-09-20eDepósito Legal l0oA642pp2023-5712r2023-09-08w2023-09-08yLBS1 c54664d54664